Les trains de nuit en France - Statistiques

Statistiques générales
  • Ce quiz a été pris 183 fois
  • Le résultat moyen est 13 sur 41
Statistiques - réponses
Hint Gares % Correct
13 Marseille
86%
06 Cannes
79%
83 Toulon
79%
67 Strasbourg
66%
66 Perpignan
59%
06 Antibes
55%
05 Gap
54%
82 Montauban
52%
11 Narbonne
52%
83 Saint-Raphaël
48%
11 Carcassonne
46%
46 Cahors
44%
A Munich
43%
45 Les Aubrais
40%
45 Les Aubrais
40%
83 Draguignan
35%
26 Die
31%
66 Collioure
30%
A Salzbourg
30%
66 Argelès-sur-Mer
24%
66 Banyuls
24%
46 Gourdon
23%
11 Castelnaudary
22%
05 Embrun
22%
26 Crest
21%
11 Leucate
21%
11 Port-la-Nouvelle
18%
66 Port-Vendres
17%
05 Veynes Devoluy
17%
05 Chorges
16%
05 L'Argentière
16%
66 Rivesaltes
16%
A Linz
15%
05 Montdauphin
15%
46 Souillac
15%
66 Elne
14%
11 Lezignan-Corbières
14%
82 Caussade
13%
26 Luc-en-Diois
10%
A Rosenheim
5%
A St Polten
3%
Aucun quiz correspondant
Distribution des résultats
% des personnes avec chaque résultat
Percentile par nombre de réponses
Votre historique - résultats
Vous n’avez pas pris ce quiz